Amanat Presiden : Tunku Abdul Rahman (Record no. 1569)
[ view plain ]
| 000 -LEADER | |
|---|---|
| fixed length control field | nam a22 a 4500 |
| 005 - DATE AND TIME OF LATEST TRANSACTION | |
| control field | 20170511092705.0 |
| 008 - FIXED-LENGTH DATA ELEMENTS--GENERAL INFORMATION | |
| fixed length control field | 170511b2009 my ||||| |||| 00| 0 may d |
| 020 ## - INTERNATIONAL STANDARD BOOK NUMBER | |
| International Standard Book Number | 9789679695922 |
| 040 ## - CATALOGING SOURCE | |
| Original cataloging agency | AKMAL |
| 082 04 - DEWEY DECIMAL CLASSIFICATION NUMBER | |
| Classification number | 320.9595 AMA |
| 090 ## - LOCALLY ASSIGNED LC-TYPE CALL NUMBER (OCLC); LOCAL CALL NUMBER (RLIN) | |
| Classification number (OCLC) (R) ; Classification number, CALL (RLIN) (NR) | 320.9595 |
| Local cutter number (OCLC) ; Book number/undivided call number, CALL (RLIN) | AMA |
| 100 ## - MAIN ENTRY--PERSONAL NAME | |
| Personal name | Tunku Abdul Rahman |
| 9 (RLIN) | 3174 |
| 245 ## - TITLE STATEMENT | |
| Title | Amanat Presiden : Tunku Abdul Rahman |
| Remainder of title | Demi Bangsa Dan Negara 1951-1971 |
| Statement of responsibility, etc. | disusun dan diselenggara oleh Abdul Rahman Abdul Aziz & Mustapa Kassim |
| 260 ## - PUBLICATION, DISTRIBUTION, ETC. | |
| Place of publication, distribution, etc. | Kuala Lumpur |
| Name of publisher, distributor, etc. | BERITA PUBLISHING SDN BHD |
| Date of publication, distribution, etc. | 2009 |
| 300 ## - PHYSICAL DESCRIPTION | |
| Extent | 396ms |
| Dimensions | 24cm |
| 599 ## - LOCAL NOTE | |
| Local Note | DALAM PROSES |
| 942 ## - ADDED ENTRY ELEMENTS (KOHA) | |
| Source of classification or shelving scheme | |
| Koha item type | Book |
| Withdrawn status | Lost status | Source of classification or shelving scheme | Damaged status | Not for loan | Collection code | Home library | Current library | Shelving location | Date acquired | Inventory number | Total Checkouts | Full call number | Barcode | Date last seen | Price effective from | Koha item type |
|---|---|---|---|---|---|---|---|---|---|---|---|---|---|---|---|---|
| NON-FICTION | AKMAL Melaka | AKMAL Melaka | PINJAMAN | 11.05.2017 | 306367 | 320.9595 AMA | 201702997 | 11.05.2017 | 11.05.2017 | Book |
